| 000 | 00531nam a2200193Ia 4500 | ||
|---|---|---|---|
| 003 | OSt | ||
| 005 | 20250211145102.0 | ||
| 008 | 210210b1947 xxu||||| |||| 00| 0 eng d | ||
| 040 | _cAL | ||
| 041 | _ahin | ||
| 082 | _a869/38 | ||
| 100 |
_aCHATERJI (Sharat Chandra) _9199130 |
||
| 110 |
_bचटर्जी शरतचंद्र _9199131 |
||
| 245 |
_aDena pavna: _bदेना पवना |
||
| 260 |
_aAllahabad _bAdarsh Pustak Bhandar _c1947 |
||
| 690 |
_aHindi Fiction _9199132 |
||
| 906 | _a023837 | ||
| 942 |
_2ddc _cBK |
||
| 999 |
_c148802 _d148802 |
||